Information literacy and information skills instruction : applying research to practice in the school library media center /

Bibliographic Details
Main Author: Thomas, Nancy Pickering
Format: Book
Language:English
Published: Westport, Conn. : Libraries Unlimited, 2004.
Edition:2nd ed.
Series:Library and information problem-solving skills series.
Subjects:

MARC

Tag First Indicator Second Indicator Subfields
LEADER 00000pam a2200000 a 4500
001 in00002000403
005 20151031125333.0
008 040811s2004 ctu b 001 0 eng
010 |a  2004057628 
020 |a 1591580811 (pbk. : alk. paper) 
020 |a 1591581990 (pbk. : alk. paper) 
035 |a (OCoLC)ocm56347872 
040 |a DLC  |c DLC  |d C#P  |d UtOrBLW 
043 |a n-us--- 
049 |a TXAM 
050 0 0 |a Z711.2  |b .T496 2004 
082 0 0 |a 027.62/6  |2 22 
100 1 |a Thomas, Nancy Pickering. 
245 1 0 |a Information literacy and information skills instruction :  |b applying research to practice in the school library media center /  |c Nancy Pickering Thomas. 
250 |a 2nd ed. 
264 1 |a Westport, Conn. :  |b Libraries Unlimited,  |c 2004. 
300 |a xiii, 225 pages ;  |c 28 cm. 
336 |a text  |b txt  |2 rdacontent 
337 |a unmediated  |b n  |2 rdamedia 
338 |a volume  |b nc  |2 rdacarrier 
490 1 |a Library and information problem-solving skills series 
504 |a Includes bibliographical references and indexes. 
650 0 |a Library orientation for school children  |z United States. 
650 0 |a Library orientation for high school students  |z United States. 
650 0 |a School libraries  |x Activity programs  |z United States. 
650 0 |a Information literacy  |x Study and teaching (Elementary)  |z United States. 
650 0 |a Information literacy  |x Study and teaching (Secondary)  |z United States. 
830 0 |a Library and information problem-solving skills series. 
945 |i PromptCat 
948 |a cataloged  |b h  |c 2004/11/8  |d c  |e eneff  |f 1:44:02 pm 
994 |a 92  |b TXA 
999 |a MARS 
999 f f |s d6ffb216-2569-3b15-8445-a4a71c617c7d  |i 160af255-8e35-3151-8bcc-96bb1cb67c98  |t 0 
952 f f |p ric  |a Texas A&M University  |b Rellis Campus  |c Joint Library Facility  |d Remote Storage  |t 0  |e Z711.2 .T496 2004  |h Library of Congress classification  |i unmediated -- volume  |m A14831973403 
998 f f |a Z711.2 .T496 2004  |t 0  |l Remote Storage